Normal view
MARC view
Entry Personal Name
001 - CONTROL NUMBER
- control field: 79243
003 - CONTROL NUMBER IDENTIFIER
- control field: dpl
005 - DATE AND TIME OF LATEST TRANSACTION
- control field: 20250304143906.0
008 - FIXED-LENGTH DATA ELEMENTS
- fixed length control field: 250304|| aca||aabn | a|a d
040 ## - CATALOGING SOURCE
- Original cataloging agency: dpl
- Transcribing agency: dpl
100 ## - HEADING--PERSONAL NAME
- Personal name: सुभाष नीरव
670 ## - SOURCE DATA FOUND
- Source citation: Work cat.: (dpl)210076: सुरिंदर नीर 79242, चश्म -ए-बुलबुल /, 2025
